Formal mortgage markets in Ghana (Record no. 107592)

MARC details
000 -LEADER
fixed length control field 01304cad a22002535a 4500
001 - CONTROL NUMBER
control field L140984
008 - FIXED-LENGTH DATA ELEMENTS--GENERAL INFORMATION
fixed length control field 071024s2006 xxk f 000 0 eng d
020 ## - INTERNATIONAL STANDARD BOOK NUMBER
International Standard Book Number 9781842193031
022 1# - INTERNATIONAL STANDARD SERIAL NUMBER
International Standard Serial Number 1464-648X
035 ## - SYSTEM CONTROL NUMBER
System control number (Sirsi) u140984
041 0# - LANGUAGE CODE
Language code of text/sound track or separate title eng
050 04 - LIBRARY OF CONGRESS CALL NUMBER
Classification number 306.3 $2 18
100 1# - MAIN ENTRY--PERSONAL NAME
Personal name Asare, Evans
245 00 - TITLE STATEMENT
Title Formal mortgage markets in Ghana
Remainder of title nature and implications
Medium [electronic resource]
260 ## - PUBLICATION, DISTRIBUTION, ETC.
Place of publication, distribution, etc. London
Name of publisher, distributor, etc. RICS
Date of publication, distribution, etc. 2006
490 #0 - SERIES STATEMENT
Series statement RICS Research Paper Series
Volume/sequential designation 6(13) October 2006
520 ## - SUMMARY, ETC.
Summary, etc. Considers the reasons behind the failure of Ghana's secondary mortgage market initiative and looks at how the formal primary mortgage market has developed following this failure. Examines the segmentation of the market into cedi and dollar denominated instruments and discusses the remaining obstacles that need be overcome before Ghana's formal housing finance market can reach maturity.
651 #4 - SUBJECT ADDED ENTRY--GEOGRAPHIC NAME
Geographic name Ghana
690 ## - LOCAL SUBJECT ADDED ENTRY--TOPICAL TERM (OCLC, RLIN)
Topical term or geographic name as entry element PROPERTY-RESIDENTIAL PROPERTY-RESIDENTIAL PROPERTY FINANCE AND INVESTMENT-MORTGAGING RESIDENTIAL PROPERTY
700 1# - ADDED ENTRY--PERSONAL NAME
Personal name Whitehead, Christine
710 2# - ADDED ENTRY--CORPORATE NAME
Corporate name or jurisdiction name as entry element Royal Institution of Chartered Surveyors
Subordinate unit Research
9 (RLIN) 4902
856 40 - ELECTRONIC LOCATION AND ACCESS
Uniform Resource Identifier <a href="https://www.rics.org/site/scripts/download_info.aspx?downloadID=2732">https://www.rics.org/site/scripts/download_info.aspx?downloadID=2732</a>
Public note View the report free of charge at www.rics.org...
942 ## - ADDED ENTRY ELEMENTS (KOHA)
Suppress in OPAC 0
Holdings
Withdrawn status Lost status Source of classification or shelving scheme Damaged status Not for loan Home library Current library Shelving location Date acquired Total Checkouts Full call number Barcode Date last seen Copy number Price effective from Koha item type
    Dewey Decimal Classification     Virtual Virtual Online 24/10/2007   ONLINE PUBLICATION 140984-2001 06/08/2019 1 06/08/2019 Book